Welcome to the Holygrace Academy Library

Please use search bar below to get started

MANAZHI (Record no. 9188)

MARC details
000 -LEADER
fixed length control field 00282nam a22001337a 4500
082 ## - DEWEY DECIMAL CLASSIFICATION NUMBER
Classification number 894.812.3
Item number RAS/M
100 ## - MAIN ENTRY--AUTHOR NAME
Personal name RASHEED VENNIYUR
245 ## - TITLE STATEMENT
Title MANAZHI
246 ## - VARYING FORM OF TITLE
Title proper/short title MANAZHI
Remainder of title MANAZHI
260 ## - PUBLICATION, DISTRIBUTION, ETC. (IMPRINT)
Name of publisher MANDHARAM
300 ## - PHYSICAL DESCRIPTION
Number of Pages 167
650 ## - SUBJECT ADDED ENTRY--TOPICAL TERM
Topical Term MALAYALAM STORY,ARTICLES
942 ## - ADDED ENTRY ELEMENTS (KOHA)
Koha item type Books
Holdings
Withdrawn status Lost status Collection code Home library Current library Date acquired Source of acquisition Cost, normal purchase price Full call number Accession Number Koha item type
    ENGLISH FICTION Main Library Main Library 19/01/2026 CONTRIBUTION 240.00 894.812.3 RAS/M 13900 Books